13 Scary Ghost Stories / (Record no. 305997)
[ view plain ]
| 000 -LEADER | |
|---|---|
| fixed length control field | 00442nam a2200169Ia 4500 |
| 008 - FIXED-LENGTH DATA ELEMENTS--GENERAL INFORMATION | |
| fixed length control field | 170203s9999 xx 000 0 und d |
| 020 ## - INTERNATIONAL STANDARD BOOK NUMBER | |
| International Standard Book Number | 9780439340212 |
| 050 ## - LIBRARY OF CONGRESS CALL NUMBER | |
| Classification number | Fic |
| 050 ## - LIBRARY OF CONGRESS CALL NUMBER | |
| Item number | .C257s 2000 |
| 100 ## - MAIN ENTRY--PERSONAL NAME | |
| Personal name | Carus, Marianne |
| 245 ## - TITLE STATEMENT | |
| Title | 13 Scary Ghost Stories / |
| 245 ## - TITLE STATEMENT | |
| Statement of responsibility, etc | Marianne Carus (Author), Youngsheng Xuan (Illustrator) |
| 260 ## - PUBLICATION, DISTRIBUTION, ETC. (IMPRINT) | |
| Place of publication, distribution, etc | New York : |
| 260 ## - PUBLICATION, DISTRIBUTION, ETC. (IMPRINT) | |
| Name of publisher, distributor, etc | Scholastic Inc., |
| 260 ## - PUBLICATION, DISTRIBUTION, ETC. (IMPRINT) | |
| Date of publication, distribution, etc | 2000 |
| 300 ## - PHYSICAL DESCRIPTION | |
| Extent | 131 pages ; |
| Withdrawn status | Lost status | Damaged status | Home library | Current library | Shelving location | Date acquired | Total Checkouts | Full call number | Barcode | Date last seen | Price effective from | Koha item type |
|---|---|---|---|---|---|---|---|---|---|---|---|---|
| Stonyhurst Southville International School (Batangas) | Stonyhurst Southville International School (Batangas) | 02/03/2017 | Fic .C257s 2000 | LS -3781 | 02/03/2017 | 02/03/2017 | Books |